Cargando…

Modern Republican : Arthur Larson and the Eisenhower Years /

Detalles Bibliográficos
Clasificación:Libro Electrónico
Autor principal: Stebenne, David
Formato: Electrónico eBook
Idioma:Inglés
Publicado: Bloomington, IN : Indiana University Press, 2006.
Colección:Book collections on Project MUSE.
Temas:
Acceso en línea:Texto completo

MARC

LEADER 00000cam a22000004a 4500
001 musev2_15992
003 MdBmJHUP
005 20230905041733.0
006 m o d
007 cr||||||||nn|n
008 060504s2006 inu o 00 0 eng d
010 |z  2006015063 
020 |a 9780253112323 
020 |z 025311232X 
020 |z 9780253348074 
035 |a (OCoLC)173511253 
040 |a MdBmJHUP  |c MdBmJHUP 
043 |a n-us--- 
050 0 4 |a KF373.L36  |b S74 2006 
082 0 |a 973.921092  |a B  |2 22 
100 1 |a Stebenne, David. 
245 1 0 |a Modern Republican :   |b Arthur Larson and the Eisenhower Years /   |c David L. Stebenne. 
264 1 |a Bloomington, IN :  |b Indiana University Press,  |c 2006. 
264 3 |a Baltimore, Md. :  |b Project MUSE,   |c 2012 
264 4 |c ©2006. 
300 |a 1 online resource (384 pages):   |b ill. ; 
336 |a text  |b txt  |2 rdacontent 
337 |a computer  |b c  |2 rdamedia 
338 |a online resource  |b cr  |2 rdacarrier 
504 |a Includes bibliographical references (p. 285-352) and index. 
505 0 |a Native son of the upper Midwest -- Oxford's imprint -- A few false starts -- Legal scholar -- To the Eisenhower administration -- Of theory and practice -- A Republican looks at his party -- Caught in the crosscurrents -- The president's "ghost" -- Dueling with the new right -- Victories and defeats. 
588 |a Description based on print version record. 
600 1 0 |a Larson, Arthur. 
650 0 |a Political consultants  |z United States  |v Biography. 
650 0 |a Lawyers  |z United States  |v Biography. 
610 2 0 |a United States Information Agency  |x Officials and employees  |v Biography. 
610 1 0 |a United States.  |b Dept. of Labor  |x Officials and employees  |v Biography. 
655 7 |a Electronic books.   |2 local 
710 2 |a Project Muse.  |e distributor 
830 0 |a Book collections on Project MUSE. 
856 4 0 |z Texto completo  |u https://projectmuse.uam.elogim.com/book/15992/ 
945 |a Project MUSE - Custom Collection 
945 |a Project MUSE - Archive Complete Foundation 
945 |a Project MUSE - Archive History Foundation